00368pab a2200145 454500008004000000100002400040245004100064260000900105300001300114362001100127650002100138650002400159700001900183773002000202180718b2011 xxu||||| |||| 00| 0 eng d aNaidu, K Ramamurthy aQuality concerns in higher education c2011 ap.25-28. a12 Dec aHigher education aEducational Quality aAhmad, Shakeel aUniversity News